000 00540nam a2200169 4500
005 20251113092617.0
008 251112b |||||||| |||| 00| 0 eng d
020 _a1850438080
037 _cGeneral Book
040 _aRTL
_cRTL
084 _aY:3(P), P5
_qRTL
100 _aChapman, James
_9851025
245 _aPast and present: national identity and the British historical film
260 _aLondon
_bI.B. Tauris
_c2005
300 _axv, 400 p.
_bIncludes bibliographical references and index.
942 _2CC
_n0
_cGB
_hY:3(P), P5
999 _c1465336
_d1465336